00531nam a2200157Ia 4500008004000000082001600040100002200056245005000078260004100128300000800169650002500177690002000202906001000222999001900232952012200251210210b2001 xxu||||| |||| 00| 0 eng d a574.02 MCCK aMCC Publications. aKarnataka common entrance test 2001: biology. aBangalore.bMCC Publications.,c2001 a492 aMCC, CET Biology  aBiology Entranc a05645 c103615d103615 011040738BiologyaALbALcBiologyd2021-02-17g120.00l0o574.02 MCCKp056450r2021-02-17 00:00:00w2021-02-17yBK